Statistiken für FIFA Präsidenten

Klicken Sie hier um das Quiz zu spielen!

Allgemein

  • Dieses Quiz wurde 99 mal gespielt
  • Das Durchschnittsergebnis liegt bei 3 aus 12

Antwortstatistiken

AmtszeitNationalitätPräsident% Korrekt
seit 2016 Schweiz / ItalienGianni Infantino
91%
1998–2015SchweizSepp Blatter
78%
1974–1998BrasilienJoão Havelange
27%
1920–1954FrankreichJules Rimet
27%
1961–1974EnglandSir Stanley Rous
10%
2015–2016KamerunIssa Hayatou
4%
1955–1961EnglandArthur Drewry
3%
1906–1918EnglandDaniel Burley Woolfall
3%
1961SchweizErnst Thommen
3%
1904–1906FrankreichRobert Guérin
3%
1954–1955BelgienRodolphe William Seeldrayers
3%
1918–1920NiederlandeCarl Anton Wilhelm Hirschmann
2%

Verteilung der Resultate

Perzentil nach korrekt beantworteten Fragen

Anzahl Personen mit jedem Resultat

Ihre Resultats-Entwicklung

Sie haben dieses Quiz noch nicht gespielt